| 000 | 00588nam a2200277Ia 4500 | ||
|---|---|---|---|
| 005 | 20260401122217.0 | ||
| 008 | 008 250103s9999 xx 000 0 eng d | ||
| 020 | _a140138323 | ||
| 037 | _aTB | ||
| 040 | _aEDL | ||
| 040 | _beng | ||
| 040 | _cEDL | ||
| 041 | _2eng | ||
| 041 | _aeng | ||
| 084 | _a809 BRA | ||
| 084 | _qEDL | ||
| 245 | 0 | _aModernism: Guide to European Literature 1890-1930 | |
| 260 | _aLondon | ||
| 260 | _bPenguin | ||
| 260 | _c1991 | ||
| 300 | _a688p | ||
| 942 | _cTB | ||
| 942 | _h809 BRA | ||
| 999 |
_c1845666 _d1845666 |
||